000 00773nam a2200253Ia 4500
003 OSt
005 20220923224727.0
006 a|||||r|||| 00| 0
007 ta
008 220922b |||||||| |||| 00| 0 hin d
024 _a249,257
037 _cTextual
040 _aARTS
_cARTS
_bhin
041 _2hin
_ahin
082 _aO152,1N276x, K5
100 _aकुॅंवर नारायण
245 0 _aआत्मजयी
246 _aĀtmajayī
260 _aदिल्ली
_b भारतीय ज्ञानपीठ
_c1965
300 _a100पृ.
_ccm.
650 _aहिन्दी साहित्य
_9156264
942 _hO152,1N276x, K5
_cTEXL
_2CC
999 _c373227
_d373227